| 000 | 00761nam a22002297a 4500 | ||
|---|---|---|---|
| 005 | 20170124105940.0 | ||
| 010 | _a788906 | ||
| 020 |
_c00.00 _a0575020024 |
||
| 035 | _a788906 | ||
| 037 | _bCen Lib/Ret | ||
| 040 |
_aDPL _bEN |
||
| 082 |
_a230.42 _bCAM |
||
| 100 |
_aCampbell, Anthony _910950 |
||
| 245 |
_aThe mechanics of enlightenment : _cby Anthony Campbell _ban examination of the teaching of Maharishi Mahesh Yogi / |
||
| 260 |
_aLondon _bVictor Gollancz Ltd. _c1975 |
||
| 270 | _bLondon | ||
| 300 |
_a223p. : _c20cm(Hb) |
||
| 500 | _aIncludes bibliographical references and index. | ||
| 650 |
_aMahesh Yogi -- Maharishi. _910951 |
||
| 650 |
_aTranscendental Meditation. _910952 |
||
| 942 |
_2ddc _cEN _h230.42 _mCAM |
||
| 999 |
_c124492 _d124492 |
||